[Event "Youth Classic 2017 - Youth Open U14"]
[Site "Bad Soden Neuenhain, Bürgerhau"]
[Date "2017.09.30"]
[Round "2.5"]
[White "Goetz, Fenja"]
[Black "Haack, Kevin"]
[Result "0-1"]
[WhiteElo "1236"]
[BlackElo "1655"]
[PlyCount "158"]
[EventDate "2017.??.??"]
[WhiteTeam "SK Bad Homburg"]
[BlackTeam "SC Bad Soden"]

1. e4 c5 2. f4 Nc6 3. Nf3 e6 4. Nc3 g6 5. Be2 Bg7 6. d3 Nge7 7. O-O d6 8. Qe1
a6 9. Be3 Nd4 10. Rc1 Nec6 11. Qg3 b5 12. Rfe1 Bb7 13. Ng5 Qc7 14. a3 O-O-O 15.
Bf1 f6 16. Nf3 f5 17. Ng5 Rdg8 18. Na2 h6 19. Nh3 Ne7 20. c3 Nb3 21. Rc2 fxe4
22. Nc1 Nxc1 23. Rexc1 Nf5 24. Qf2 exd3 25. Bxd3 c4 26. Bxf5 gxf5 27. Rd1 Bf6
28. g3 Be4 29. Rcd2 Bd3 30. Bb6 Qc6 31. Bd4 e5 32. fxe5 dxe5 33. Be3 f4 34.
Nxf4 exf4 35. Bxf4 Be7 36. Be3 Qf6 37. Qxf6 Bxf6 38. Rf2 Be5 39. Rf7 Rg7 40.
Rxg7 Bxg7 41. Re1 Re8 42. Kf2 h5 43. Bc5 Rxe1 44. Kxe1 Be5 45. Kd2 h4 46. gxh4
Bxh2 47. Be7 Bf4+ 48. Ke1 Bc1 49. Bb4 Bf4 50. Kf2 Kd7 51. Kf3 Bc1 52. Kg4 Bxb2
53. Kg5 Ke6 54. h5 Bc1+ 55. Kg4 Kf6 56. Kg3 Be2 57. Kh4 Bg5+ 58. Kg3 Bxh5 59.
Kf2 Ke5 60. Kg3 Bd8 61. Kf2 a5 62. Bc5 Ke4 63. Bd4 Be7 64. Ke1 Kd3 65. Bh8 Bxa3
66. Bg7 Bb2 67. Bf6 a4 68. Kf2 a3 69. Kg3 a2 70. Kh4 a1=Q 71. Kxh5 Qg1 72. Kh6
Ke4 73. Kh7 Kf5 74. Bg7 Qh1+ 75. Kg8 Kg6 76. Kf8 Qb7 77. Ke8 Qc7 78. Bf8 Kf6
79. Bb4 Qc8# 0-1

[Event "Youth Classic 2017 - Youth Open U14"]
[Site "Bad Soden Neuenhain, Bürgerhau"]
[Date "2017.09.30"]
[Round "2.6"]
[White "Lorenz, Alexander"]
[Black "Senko, Daniel"]
[Result "1-0"]
[WhiteElo "1539"]
[BlackElo "1229"]
[PlyCount "39"]
[EventDate "2017.??.??"]
[WhiteTeam "SV Bergwinkel"]
[BlackTeam "SC Bad Soden"]

1. e4 e5 2. Nf3 Nc6 3. d4 exd4 4. Bc4 Nf6 5. e5 Ne4 6. Nxd4 Nxd4 7. Qxd4 Nc5 8.
Be3 d6 9. Nc3 Be7 10. exd6 Qxd6 11. Qxg7 Rf8 12. Qxh7 Be6 13. Bxe6 Qxe6 14. O-O
Qf6 15. Bxc5 Bxc5 16. Qe4+ Kd7 17. Qxb7 Qc6 18. Rad1+ Bd6 19. Qxc6+ Kxc6 20. a3
1-0

[Event "Youth Classic 2017 - Youth Open U14"]
[Site "Bad Soden Neuenhain, Bürgerhau"]
[Date "2017.09.30"]
[Round "2.7"]
[White "Markosyan, Aleksandr"]
[Black "Werner, Tom"]
[Result "0-1"]
[WhiteElo "1048"]
[BlackElo "1554"]
[PlyCount "80"]
[EventDate "2017.??.??"]
[WhiteTeam "SG Idstein"]
[BlackTeam "VSG Offenbach"]

1. e4 e6 2. d4 d5 3. Nc3 Nf6 4. e5 Nfd7 5. Nf3 c5 6. Bg5 Be7 7. Bxe7 Qxe7 8.
Bb5 a6 9. Be2 Nc6 10. O-O O-O 11. Rc1 cxd4 12. Nxd4 Ndxe5 13. Nxc6 bxc6 14. Re1
Nd7 15. Bd3 Nf6 16. Ne2 c5 17. c4 d4 18. b4 e5 19. Ng3 Bb7 20. Nf5 Qc7 21. Qc2
e4 22. Bf1 Qe5 23. Ng3 Rfd8 24. Rcd1 cxb4 25. Qb3 Qc5 26. a3 a5 27. Ra1 Rdc8
28. Kh1 d3 29. f3 exf3 30. Qxd3 Qf2 31. gxf3 Bxf3+ 32. Qxf3 Qxf3+ 33. Bg2 Qf2
34. Bxa8 Rxa8 35. axb4 Qf3+ 36. Kg1 axb4 37. Nf5 Rxa1 38. Rxa1 h6 39. Ne7+ Kf8
40. Ra7 Qe3+ 0-1

[Event "Youth Classic 2017 - Youth Open U14"]
[Site "Bad Soden Neuenhain, Bürgerhau"]
[Date "2017.09.30"]
[Round "2.8"]
[White "Schwegler, Jelena"]
[Black "Haller, Christian"]
[Result "1-0"]
[WhiteElo "1462"]
[BlackElo "1047"]
[PlyCount "133"]
[EventDate "2017.??.??"]
[WhiteTeam "SK Bad Homburg"]
[BlackTeam "SC Bad Soden"]

1. e4 e5 2. Nf3 Nc6 3. d4 d6 4. d5 Nce7 5. h3 Nf6 6. Nc3 b6 7. Bg5 Ng6 8. Bb5+
Bd7 9. Bxf6 Qxf6 10. Bxd7+ Kxd7 11. g3 h5 12. h4 Qd8 13. Ng5 Ke8 14. Qf3 Qe7
15. O-O-O Rc8 16. Qf5 Rd8 17. Rd3 Rh6 18. Nb5 a6 19. Na7 Qf6 20. Rf3 Qxf5 21.
Rxf5 Rd7 22. Nc6 a5 23. Re1 f6 24. Ne6 Ne7 25. Nxe7 Kxe7 26. Re3 g6 27. Rff3
Rh8 28. Rc3 Bh6+ 29. Kd1 c5 30. Rb3 Rb7 31. Rb5 g5 32. Rfb3 Rhb8 33. Ke2 a4 34.
Ra3 Ra8 35. b3 gxh4 36. gxh4 Bc1 37. Rxa4 Rxa4 38. bxa4 Ra7 39. Rxb6 Rxa4 40.
Kd1 Ba3 41. f3 Bb4 42. Rb7+ Ke8 43. Ng7+ Kf8 44. Nxh5 Rxa2 45. Nxf6 Ra1+ 46.
Ke2 Rh1 47. h5 Rh2+ 48. Kd3 Rh3 49. Kc4 Rxf3 50. Nh7+ Ke8 51. Rg7 Rc3+ 52. Kb5
Rxc2 53. Nf6+ Kf8 54. Rd7 Bd2 55. Rxd6 c4 56. Rc6 c3 57. d6 Rb2+ 58. Ka4 c2 59.
Rc8+ Kf7 60. d7 Rb4+ 61. Ka3 c1=Q+ 62. Rxc1 Bxc1+ 63. Kxb4 Ke7 64. Kc5 Ba3+ 65.
Kc6 Bb4 66. Nd5+ Kd8 67. Nxb4 1-0

[Event "Youth Classic 2017 - Youth Open U14"]
[Site "Bad Soden Neuenhain, Bürgerhau"]
[Date "2017.09.30"]
[Round "2.9"]
[White "Czinkota, Michael"]
[Black "Porstendörfer, Yannik"]
[Result "1-0"]
[WhiteElo "1035"]
[BlackElo "1231"]
[PlyCount "59"]
[EventDate "2017.??.??"]
[WhiteTeam "SC Bad Soden"]
[BlackTeam "SK Klingenberg"]

1. e4 c5 2. Nc3 Nc6 3. Be2 g6 4. d3 Bg7 5. f4 e6 6. Nf3 Nge7 7. O-O d5 8. Qe1
O-O 9. Qh4 Nd4 10. Qh3 e5 11. f5 Nxc2 12. Rb1 Nd4 13. Bh6 Nexf5 14. exf5 Bxf5
15. g4 Nxe2+ 16. Nxe2 Bxd3 17. Rfe1 f6 18. Rbd1 e4 19. Nf4 exf3 20. Bxg7 Qb6
21. Re6 Qxb2 22. Nxd3 Qc2 23. Qxf3 Kxg7 24. Re7+ Kg8 25. Qxd5+ Kh8 26. Rde1
Rab8 27. g5 Rfd8 28. Qf7 Qxh2+ 29. Kxh2 Rxd3 30. Qg7# 1-0

[Event "Youth Classic 2017 - Youth Open U14"]
[Site "Bad Soden Neuenhain, Bürgerhau"]
[Date "2017.09.30"]
[Round "2.10"]
[White "Müller, Maurice-Pascal"]
[Black "Haller, Andreas"]
[Result "1-0"]
[WhiteElo "1403"]
[BlackElo "1033"]
[PlyCount "83"]
[EventDate "2017.??.??"]
[WhiteTeam "SC Landskrone"]
[BlackTeam "SC Bad Soden"]

1. e4 e5 2. Nf3 Nc6 3. d4 d6 4. dxe5 dxe5 5. Qxd8+ Kxd8 6. Bc4 Ke8 7. Nc3 Nf6
8. Ng5 Nd8 9. Bd2 h6 10. Nf3 Nc6 11. Bb5 Bd7 12. Bxc6 Bxc6 13. Nxe5 Nxe4 14.
Nxc6 Nxd2 15. Kxd2 bxc6 16. Rhe1+ Be7 17. Rad1 f6 18. Kc1 Kf7 19. Rd7 Rhe8 20.
Rxc7 c5 21. Nd5 Rad8 22. Nxe7 Kf8 23. Ng6+ Kg8 24. Rxe8+ Rxe8 25. Re7 Ra8 26.
Rc7 Kh7 27. Nf4 Re8 28. Nd3 Ra8 29. Nxc5 Re8 30. Nd3 Re4 31. Rxa7 Rg4 32. g3
Rg5 33. h4 Rd5 34. a4 Rd4 35. b3 Kg6 36. a5 Rd5 37. b4 Kf5 38. Rxg7 Rd4 39. a6
Rd6 40. g4+ Ke4 41. Nc5+ Kd5 42. Rd7 1-0

[Event "Youth Classic 2017 - Youth Open U14"]
[Site "Bad Soden Neuenhain, Bürgerhau"]
[Date "2017.09.30"]
[Round "2.11"]
[White "Wisniewski, Niklas Lorenz"]
[Black "Werner, Rosalie"]
[Result "1-0"]
[WhiteElo "1031"]
[BlackElo "1404"]
[PlyCount "133"]
[EventDate "2017.??.??"]
[WhiteTeam "SC Bad Soden"]
[BlackTeam "VSG Offenbach"]

1. e4 e6 2. Nf3 d5 3. exd5 exd5 4. d4 Bd6 5. Bd3 Nf6 6. Bg5 Be6 7. O-O Nbd7 8.
Re1 O-O 9. Nc3 c6 10. Qd2 Qc7 11. g3 Bg4 12. Bxf6 Nxf6 13. Ne5 Rfe8 14. Qg5 h6
15. Qf4 Bd7 16. Re2 Re7 17. Rae1 Rae8 18. Na4 b6 19. Nc3 c5 20. Nxd7 Rxe2 21.
Nxf6+ gxf6 22. Qg4+ Kh8 23. Rxe2 Rxe2 24. Qxe2 Qc6 25. Qh5 Kg7 26. Qxd5 Qxd5
27. Nxd5 cxd4 28. Kg2 Be5 29. f4 Bd6 30. Kf3 h5 31. c3 Bc5 32. Ke4 dxc3 33.
Nxc3 Bg1 34. h3 Bh2 35. Kf3 Bg1 36. Ne4 Bd4 37. b3 Kf8 38. g4 hxg4+ 39. Kxg4
Ke7 40. Kf5 Bb2 41. h4 Kd7 42. Nxf6+ Kd6 43. Ne4+ Kd5 44. h5 Kd4 45. Bb1 b5 46.
h6 Kd5 47. h7 Bg7 48. Ng5 a5 49. Nxf7 a4 50. bxa4 bxa4 51. h8=Q Bxh8 52. Nxh8
Kc4 53. Bc2 Kb4 54. Bxa4 Kxa4 55. Ke5 Kb5 56. f5 Kc6 57. Ke6 Kc7 58. Ke7 Kc6
59. f6 Kb5 60. f7 Ka4 61. f8=Q Ka3 62. Qb8 Kxa2 63. Kd6 Ka3 64. Kc5 Ka2 65. Kc4
Ka1 66. Kc3 Ka2 67. Qb2# 1-0

[Event "Youth Classic 2017 - Youth Open U14"]
[Site "Bad Soden Neuenhain, Bürgerhau"]
[Date "2017.09.30"]
[Round "2.13"]
[White "Pfaff, Pawel"]
[Black "Gertel, Josef"]
[Result "0-1"]
[WhiteElo "1021"]
[BlackElo "1253"]
[PlyCount "52"]
[EventDate "2017.??.??"]
[WhiteTeam "SC Bad Soden"]
[BlackTeam "SC Frankfurt-West"]

1. e4 e5 2. Nf3 Nc6 3. Bc4 Nf6 4. Nc3 Nxe4 5. Nxe4 d5 6. Bb3 dxe4 7. Ng1 Qg5 8.
Ne2 Qxg2 9. Rg1 Qxh2 10. d3 Nd4 11. Ba4+ c6 12. Rf1 Bg4 13. Qd2 Nf3+ 14. Kd1
Nxd2 15. Kxd2 Bxe2 16. Kxe2 Bc5 17. Bd2 e3 18. Bc3 exf2 19. Bb3 Qh5+ 20. Kd2
Qf3 21. Kc1 Be3+ 22. Bd2 Qe2 23. Rd1 f1=R 24. c3 Qxd2+ 25. Kb1 Rxd1+ 26. Bxd1
Qxd1# 0-1

[Event "Youth Classic 2017 - Youth Open U14"]
[Site "Bad Soden Neuenhain, Bürgerhau"]
[Date "2017.09.30"]
[Round "2.14"]
[White "Koch, Laura"]
[Black "Edelmann, Viktor"]
[Result "0-1"]
[WhiteElo "774"]
[BlackElo "999"]
[PlyCount "104"]
[EventDate "2017.??.??"]
[WhiteTeam "SV Frankfurt Nord"]
[BlackTeam "SC Frankfurt-West"]

1. e4 e5 2. Nf3 Nc6 3. d4 exd4 4. Nxd4 Nxd4 5. Qxd4 c5 6. Qd1 d6 7. Bb5+ Bd7 8.
Bxd7+ Qxd7 9. O-O Qe7 10. Nc3 a6 11. Bf4 g6 12. Nd5 Qd8 13. e5 Rc8 14. Re1 Kd7
15. Qg4+ f5 16. Qg5 Qxg5 17. Bxg5 Ke6 18. Nb6 Rc6 19. Nc4 d5 20. Na5 Rb6 21.
Nb3 c4 22. Nd4+ Kd7 23. e6+ Ke8 24. a4 h6 25. Bf4 Bg7 26. Bc7 Rxb2 27. c3 Bxd4
28. cxd4 Rd2 29. Be5 Rh7 30. Rab1 Ra2 31. Rb4 a5 32. Rb5 Rxa4 33. Rxd5 Ne7 34.
Bf6 Nxd5 35. Be5 c3 36. Rc1 c2 37. Kf1 Rc4 38. Ke2 a4 39. Kd2 a3 40. Rxc2 Rxc2+
41. Kxc2 b5 42. Bd6 Ra7 43. Kb3 a2 44. Bc5 a1=Q 45. Bxa7 Qxa7 46. f3 Qa4+ 47.
Kb2 Qxd4+ 48. Kb3 Qc3+ 49. Ka2 b4 50. g4 Qc2+ 51. Ka1 b3 52. gxf5 Qa2# 0-1

[Event "Youth Classic 2017 - Youth Open U14"]
[Site "Bad Soden Neuenhain, Bürgerhau"]
[Date "2017.09.30"]
[Round "2.15"]
[White "Fuchs, Henrik"]
[Black "Litzinger, Jan"]
[Result "1-0"]
[WhiteElo "988"]
[BlackElo "805"]
[PlyCount "97"]
[EventDate "2017.??.??"]
[WhiteTeam "SC Bad Soden"]
[BlackTeam "SC Flörsheim"]

1. d4 d5 2. Bg5 Nc6 3. Nf3 h6 4. Bh4 Nf6 5. c4 e6 6. Nc3 Bb4 7. a3 Ba5 8. b4
Bb6 9. c5 Bxc5 10. bxc5 O-O 11. e3 g5 12. Bg3 Nh5 13. Be5 f6 14. Bg3 f5 15. Ne5
f4 16. exf4 gxf4 17. Qxh5 fxg3 18. Qg6+ Kh8 19. Nf7+ Rxf7 20. Qxf7 gxf2+ 21.
Qxf2 e5 22. dxe5 Nxe5 23. Qd4 Qe7 24. Be2 Kg8 25. O-O c6 26. Rae1 Ng4 27. Bxg4
Qg7 28. Re8+ Kh7 29. Qxg7+ Kxg7 30. Rxc8 Rxc8 31. Bxc8 Kh7 32. Rf5 Kg6 33. Kf2
b6 34. cxb6 axb6 35. Ke3 c5 36. Nxd5 h5 37. Ke4 h4 38. Ke5 h3 39. gxh3 c4 40.
h4 c3 41. Nxc3 b5 42. h5+ Kh7 43. Rf6 b4 44. axb4 Kg7 45. Kf5 Kh7 46. Kg5 Kg7
47. h6+ Kh7 48. Rf7+ Kh8 49. Kg6 1-0

[Event "Youth Classic 2017 - Youth Open U14"]
[Site "Bad Soden Neuenhain, Bürgerhau"]
[Date "2017.09.30"]
[Round "2.16"]
[White "Coskun, Eray"]
[Black "Rahimova, Sarah"]
[Result "0-1"]
[WhiteElo "795"]
[BlackElo "987"]
[PlyCount "82"]
[EventDate "2017.??.??"]
[WhiteTeam "SC Flörsheim"]
[BlackTeam "SK Bad Homburg"]

1. e4 c5 2. Nf3 g6 3. d3 Bg7 4. Bf4 Nf6 5. Nc3 Nc6 6. Nb5 d6 7. e5 Nh5 8. exd6
Nxf4 9. Nc7+ Kf8 10. Nxa8 Qxd6 11. Ng5 Qe5+ 12. Be2 Nxg2+ 13. Kf1 Qxg5 14. Rg1
Bh3 15. Bf3 Ne3+ 16. Ke2 Nd4+ 17. Kd2 Nxd1+ 18. Rxg5 Nxf3+ 19. Ke2 Nxg5 20.
Rxd1 Bxb2 21. f3 Kg7 22. Nc7 e5 23. Rg1 Ne6 24. Nd5 Nf4+ 25. Nxf4 exf4 26. Kf2
Bd4+ 27. Ke1 Bxg1 28. c3 Re8+ 29. Kd1 Re3 30. Kd2 Rxf3 31. d4 Be3+ 32. Ke2 Rf2+
33. Kd3 cxd4 34. a4 Bf5+ 35. Kc4 Ra2 36. Kb3 Be6+ 37. c4 Ra1 38. Kb4 d3 39. c5
d2 40. a5 d1=Q 41. c6 Qb3# 0-1

[Event "Youth Classic 2017 - Youth Open U14"]
[Site "Bad Soden Neuenhain, Bürgerhau"]
[Date "2017.09.30"]
[Round "2.17"]
[White "Paukstys, Andrius"]
[Black "Wolf, Jonathan"]
[Result "1-0"]
[WhiteElo "975"]
[BlackElo "791"]
[PlyCount "99"]
[EventDate "2017.??.??"]
[WhiteTeam "SC Bad Soden"]
[BlackTeam "SV Frankfurt Nord"]

1. e4 c6 2. Be2 d5 3. d3 Nf6 4. Nf3 Qa5+ 5. Nc3 b5 6. a3 e6 7. O-O Bc5 8. Ne5
Nbd7 9. Nxc6 Qb6 10. Nb4 O-O 11. exd5 Bxb4 12. axb4 exd5 13. d4 Bb7 14. Bxb5
Rfd8 15. Bg5 h6 16. Bh4 a6 17. Bd3 Qxb4 18. Ne2 Qxb2 19. Rb1 Qa3 20. Rxb7 Re8
21. Bxf6 Nxf6 22. Nf4 Qd6 23. g3 Ne4 24. Re1 f5 25. Qb1 g5 26. Rb6 Rab8 27.
Rxd6 Rxb1 28. Rxb1 Nxd6 29. Bxa6 gxf4 30. gxf4 Nc4 31. Bxc4 dxc4 32. Rd1 Re2
33. Rc1 Rd2 34. c3 Kg7 35. Kg2 Rd3 36. f3 Rd2+ 37. Kf1 h5 38. Ke1 Rd3 39. Ke2
Kh6 40. Rd1 Rxd1 41. Kxd1 h4 42. Ke2 Kg6 43. Ke3 h3 44. d5 Kf6 45. Kd4 Ke7 46.
Ke5 Kd7 47. d6 Kc8 48. Ke6 Kd8 49. d7 Kc7 50. Ke7 1-0

[Event "Youth Classic 2017 - Youth Open U14"]
[Site "Bad Soden Neuenhain, Bürgerhau"]
[Date "2017.09.30"]
[Round "2.18"]
[White "Li, Toplink"]
[Black "Boder, Finn"]
[Result "0-1"]
[WhiteElo "767"]
[BlackElo "968"]
[PlyCount "103"]
[EventDate "2017.??.??"]
[WhiteTeam "Frankfurter TV"]
[BlackTeam "SG Mörsdorf-Lahr"]

1. e4 e5 2. Nf3 Nc6 3. Bc4 Bc5 4. c3 d6 5. d4 exd4 6. cxd4 Bb4+ 7. Bd2 Bxd2+ 8.
Nbxd2 Bg4 9. h3 Bh5 10. Nb3 Nf6 11. Qc2 a6 12. Nbd2 b5 13. Bb3 Nb4 14. Qc3 a5
15. a3 Na6 16. a4 b4 17. Qc4 Qe7 18. Qc6+ Nd7 19. Qxa8+ Ndb8 20. e5 O-O 21. Qe4
Re8 22. Bc2 Bg6 23. Qe2 Bxc2 24. Nc4 Bg6 25. O-O f6 26. Rfe1 c5 27. Nxd6 Rd8
28. Nc4 cxd4 29. Nxa5 d3 30. Qd2 Qc7 31. Nb3 Qc4 32. Na5 Qc7 33. Nb3 Qc4 34.
Qd1 Nc6 35. Nbd2 Qd5 36. e6 Re8 37. Nb1 Nd4 38. e7 Bh5 39. g4 Bg6 40. Kg2 Be4
41. Re3 Rxe7 42. Nbd2 Bxf3+ 43. Nxf3 Rxe3 44. fxe3 Nc2 45. Rc1 Nxe3+ 46. Kg3
Nxd1 47. Rxd1 Qd6+ 48. Kf2 Qc5+ 49. Kg3 Qc2 50. Re1 d2 51. Nd4 Qd3+ 52. Nf3 0-1

[Event "Youth Classic 2017 - Youth Open U14"]
[Site "Bad Soden Neuenhain, Bürgerhau"]
[Date "2017.09.30"]
[Round "2.20"]
[White "Nedilko, Marko"]
[Black "Albrecht, Edwin"]
[Result "0-1"]
[WhiteElo "753"]
[BlackElo "952"]
[PlyCount "92"]
[EventDate "2017.??.??"]
[WhiteTeam "SG Mörsdorf-Lahr"]
[BlackTeam "SC Bad Soden"]

1. e4 e5 2. Nf3 Nc6 3. Bc4 Nf6 4. d3 Bc5 5. Nc3 O-O 6. Na4 Be7 7. Be3 a6 8. Nc3
b5 9. Bb3 Bb7 10. O-O Ng4 11. Qd2 Nb4 12. a3 Nxe3 13. Qxe3 Nc6 14. d4 d6 15.
Nd5 Nxd4 16. Nxd4 exd4 17. Qxd4 c5 18. Qd2 Bg5 19. f4 Bh6 20. Ba2 Qe7 21. Rfe1
Qd8 22. Bb1 Re8 23. Ba2 Qh4 24. g3 Qd8 25. c3 c4 26. b3 Rc8 27. g4 g6 28. g5
Bg7 29. h4 cxb3 30. Bxb3 Qa5 31. Rac1 Qxa3 32. Qc2 Rc5 33. Re3 b4 34. Nxb4 a5
35. Na2 Bd5 36. Bxd5 Rxd5 37. Qb1 Qc5 38. Kf2 Rd2+ 39. Kf3 d5 40. h5 dxe4+ 41.
Rxe4 Qd5 42. Rce1 Rh2 43. h6 Rh3+ 44. Kg2 Qd7 45. Kf2 Rh2+ 46. Kf3 Qh3# 0-1

[Event "Youth Classic 2017 - Youth Open U14"]
[Site "Bad Soden Neuenhain, Bürgerhau"]
[Date "2017.09.30"]
[Round "2.21"]
[White "Moldenhauer, Nils"]
[Black "Murmann, Jonas"]
[Result "1-0"]
[WhiteElo "738"]
[BlackElo "916"]
[PlyCount "69"]
[EventDate "2017.??.??"]
[WhiteTeam "SV Oberursel"]
[BlackTeam "SG Mörsdorf-Lahr"]

1. e4 e6 2. d4 d5 3. e5 c5 4. Nf3 Nc6 5. Bb5 Nge7 6. O-O a6 7. Ba4 b5 8. Bb3 c4
9. Bxc4 bxc4 10. Nc3 Nf5 11. Bg5 Qb6 12. Ne2 Qxb2 13. Bc1 Qb6 14. c3 h6 15. h3
Be7 16. Bf4 O-O 17. Rb1 Qa7 18. Ng3 Bh4 19. Nxf5 exf5 20. Nxh4 g5 21. Be3 f4
22. Bd2 gxh4 23. Qh5 f5 24. Qg6+ Qg7 25. Qxc6 f3 26. g3 Bd7 27. Qxd5+ Kh8 28.
Rb7 Rad8 29. Qxf3 hxg3 30. fxg3 Rg8 31. Bf4 h5 32. e6 h4 33. Be5 Qxe5 34. dxe5
Bxe6 35. Qh5# 1-0

[Event "Youth Classic 2017 - Youth Open U14"]
[Site "Bad Soden Neuenhain, Bürgerhau"]
[Date "2017.09.30"]
[Round "2.22"]
[White "Gärtner, Johannes"]
[Black "Gliesche, Joel"]
[Result "1/2-1/2"]
[WhiteElo "878"]
[BlackElo "732"]
[PlyCount "207"]
[EventDate "2017.??.??"]
[WhiteTeam "SF Heidesheim"]
[BlackTeam "SG Mörsdorf-Lahr"]

1. d4 g6 2. Bf4 Bg7 3. e3 c6 4. Nf3 d5 5. h3 Nf6 6. c3 Bf5 7. Bd3 Bxd3 8. Qxd3
Nbd7 9. Nbd2 O-O 10. O-O Nh5 11. Bh2 Re8 12. c4 b6 13. Rac1 c5 14. cxd5 cxd4
15. Nxd4 Nc5 16. Qc4 Rc8 17. Rfe1 Nf6 18. b3 Qxd5 19. Qxd5 Nxd5 20. Nb5 Rcd8
21. Nc4 Nd3 22. a4 Nxe1 23. Rxe1 a6 24. Nc7 Nxc7 25. Bxc7 Bc3 26. Rc1 Rd3 27.
Bxb6 Rb8 28. Kf1 Bb4 29. Rb1 Rc3 30. Bd4 Rc2 31. Be5 Rd8 32. Bc7 Rd7 33. Be5 f6
34. Bd4 Bd6 35. Ke1 Be5 36. Bxe5 fxe5 37. Nxe5 Rdd2 38. Ng4 h5 39. Ne5 Rd5 40.
Nxg6 Kf7 41. Nf4 Rdc5 42. Ne2 Rg5 43. g3 Rc6 44. h4 Rgg6 45. b4 a5 46. b5 Rc7
47. b6 Rb7 48. Nf4 Rd6 49. e4 Rdxb6 50. Rxb6 Rxb6 51. Nd5 Rb1+ 52. Ke2 Ra1 53.
Nc3 Ra3 54. Kd2 Ke6 55. Kd3 Ke5 56. f4+ Kf6 57. Kc4 Ra1 58. Kd4 Rg1 59. Ne2 Rg2
60. Ke3 Rh2 61. Kd3 Ke6 62. Nd4+ Kd6 63. Nf5+ Kc5 64. Nxe7 Kb4 65. f5 Kxa4 66.
f6 Rf2 67. e5 Kb4 68. Nd5+ Kc5 69. Nc3 Rf5 70. Ke4 Rf1 71. e6 Rxf6 72. Ke5 Rf8
73. e7 Rh8 74. Ke6 Kc6 75. Kf6 Kd7 76. Nd5 a4 77. Nb6+ Ke8 78. Nxa4 Rh7 79. Kg6
Rxe7 80. Kxh5 Kf7 81. g4 Kg7 82. Nc3 Re5+ 83. g5 Re3 84. Nd5 Rd3 85. Nf4 Rd8
86. g6 Rh8+ 87. Kg5 Re8 88. h5 Re5+ 89. Kg4 Kh6 90. Kh4 Re4 91. Kg4 Re1 92. Kf5
Rf1 93. Kg4 Rg1+ 94. Kf5 Rg5+ 95. Kf6 Rg4 96. Kf5 Rg5+ 97. Kf6 Rc5 98. g7 Rc8
99. Kf7 Kh7 100. Ng6 Rg8 101. Ne7 Rxg7+ 102. Kf6 Kh6 103. Nf5+ Kxh5 104. Nxg7+
1/2-1/2

[Event "Youth Classic 2017 - Youth Open U14"]
[Site "Bad Soden Neuenhain, Bürgerhau"]
[Date "2017.09.30"]
[Round "2.23"]
[White "Lassek, Bjarne"]
[Black "Politoukhin, Nikolaj"]
[Result "1-0"]
[WhiteElo "731"]
[BlackElo "876"]
[PlyCount "49"]
[EventDate "2017.??.??"]
[WhiteTeam "SC Nied"]
[BlackTeam "SC Flörsheim"]

1. e4 e5 2. Nf3 Nc6 3. Bc4 Nf6 4. d4 exd4 5. Nxd4 Nxe4 6. Nxc6 bxc6 7. Qe2 d5
8. Bb3 Qe7 9. f3 Nc5 10. Bd2 Qxe2+ 11. Kxe2 Nxb3 12. axb3 Bd6 13. Re1 Be6 14.
Ra6 c5 15. Nc3 O-O 16. Nb5 Bxh2 17. f4 Rae8 18. Nxc7 Bg4+ 19. Kf2 Rxe1 20. Bxe1
Bxf4 21. Nxd5 Bc1 22. Rxa7 Bxb2 23. Bc3 Bc1 24. Ra5 Rc8 25. Ne7+ 1-0

[Event "Youth Classic 2017 - Youth Open U14"]
[Site "Hasselgrundhalle - Bad Soden a"]
[Date "2017.10.01"]
[Round "3.1"]
[White "Gallasch, Jonas"]
[Black "Schwegler, Jelena"]
[Result "1-0"]
[WhiteElo "1761"]
[BlackElo "1462"]
[PlyCount "93"]
[EventDate "2017.??.??"]
[WhiteTeam "SG Porz"]
[BlackTeam "SK Bad Homburg"]

1. Nf3 Nc6 2. d4 d5 3. c4 dxc4 4. Nc3 Nf6 5. Bg5 Bg4 6. e3 Qd7 7. Bxc4 e6 8.
Rc1 Be7 9. O-O O-O 10. Bb5 a6 11. Bxc6 Qxc6 12. Ne5 Qxc3 13. bxc3 Bxd1 14.
Rfxd1 Rfd8 15. Rb1 h6 16. Bxf6 Bxf6 17. Ng4 b6 18. Nxf6+ gxf6 19. Rb4 Rd5 20.
Rdb1 Rad8 21. Rc4 R8d7 22. Kf1 Ra5 23. a4 Kg7 24. Ke2 Rg5 25. g3 Rh5 26. h4 Ra5
27. f4 Kg6 28. Kf3 b5 29. axb5 axb5 30. Rc5 c6 31. Rxc6 Rd5 32. g4 Kg7 33. e4
Rd8 34. Rc5 Rb8 35. g5 Ra3 36. Kg4 Kg6 37. f5+ Kg7 38. fxe6 fxe6 39. Rc7+ Kg8
40. gxf6 Rf8 41. e5 Ra2 42. Rg1 Kh8 43. Kh5 Rh2 44. Rgg7 Ra8 45. Rh7+ Kg8 46.
Rcg7+ Kf8 47. Rh8# 1-0

[Event "Youth Classic 2017 - Youth Open U14"]
[Site "Hasselgrundhalle - Bad Soden a"]
[Date "2017.10.01"]
[Round "3.2"]
[White "Werner, Tom"]
[Black "Riemann, Jonas"]
[Result "0-1"]
[WhiteElo "1554"]
[BlackElo "1689"]
[PlyCount "93"]
[EventDate "2017.??.??"]
[WhiteTeam "VSG Offenbach"]
[BlackTeam "SK Bickenbach"]

1. c4 e6 2. Nc3 Nf6 3. g3 d5 4. cxd5 exd5 5. d4 Bd6 6. Bg2 c6 7. Qc2 O-O 8. Nf3
Na6 9. a3 Re8 10. e3 Ne4 11. Nxe4 dxe4 12. Nd2 f5 13. b4 Nc7 14. O-O Be6 15.
Nc4 Nd5 16. f3 Nf6 17. fxe4 fxe4 18. Nxd6 Qxd6 19. Bxe4 Nxe4 20. Qxe4 Bh3 21.
Qd3 Bxf1 22. Qxf1 Rf8 23. Qd3 Qf6 24. Ra2 Rae8 25. e4 Qf3 26. Qxf3 Rxf3 27. e5
Rc3 28. Bd2 Rd3 29. Kf2 Rxd4 30. Be3 Rd5 31. Bxa7 Rdxe5 32. Bd4 Rd5 33. Be3 Rd3
34. Bc5 Kf7 35. a4 Red8 36. Re2 Rd2 37. Ke1 Rxe2+ 38. Kxe2 Ke6 39. a5 Kd5 40.
Kd3 Re8 41. Be3 Re4 42. Bc5 Rc4 43. Be7 Rc1 44. h3 Rh1 45. Bc5 Rxh3 46. Bf2 Rh1
47. Bc5 0-1

[Event "Youth Classic 2017 - Youth Open U14"]
[Site "Hasselgrundhalle - Bad Soden a"]
[Date "2017.10.01"]
[Round "3.3"]
[White "Hagner, Bennet"]
[Black "Müller, Maurice-Pascal"]
[Result "1-0"]
[WhiteElo "1680"]
[BlackElo "1403"]
[PlyCount "65"]
[EventDate "2017.??.??"]
[WhiteTeam "Frankfurter TV"]
[BlackTeam "SC Landskrone"]

1. d4 Nf6 2. c4 g6 3. Nc3 Bg7 4. e4 d6 5. f4 O-O 6. Bd3 Nc6 7. Nf3 Nd7 8. Be3
e5 9. d5 Ne7 10. f5 Nf6 11. Qc2 Ng4 12. Bg5 h6 13. h3 Nf6 14. Bxf6 Bxf6 15. g4
g5 16. O-O-O c6 17. Rdg1 a6 18. h4 cxd5 19. hxg5 hxg5 20. Qh2 Re8 21. Qh7+ Kf8
22. Rh6 Bg7 23. Rgh1 Ng8 24. R6h5 Nf6 25. Nxg5 Nxh7 26. Nxh7+ Ke7 27. f6+ Bxf6
28. Nxd5+ Kd7 29. Nhxf6+ Kc6 30. Nxe8 Qxe8 31. Rh8 Qe6 32. Be2 Qg6 33. Ne7+ 1-0

[Event "Youth Classic 2017 - Youth Open U14"]
[Site "Hasselgrundhalle - Bad Soden a"]
[Date "2017.10.01"]
[Round "3.4"]
[White "Döhne, Vincent"]
[Black "Boder, Jan"]
[Result "0-1"]
[WhiteElo "1319"]
[BlackElo "1772"]
[PlyCount "100"]
[EventDate "2017.??.??"]
[WhiteTeam "SC Hattersheim"]
[BlackTeam "SG Mörsdorf-Lahr"]

1. e4 c5 2. Nf3 g6 3. Nc3 Bg7 4. Bc4 e6 5. O-O Ne7 6. d3 Nbc6 7. Re1 O-O 8. Bd2
d5 9. exd5 exd5 10. Bb3 Be6 11. Rb1 a6 12. a4 Rb8 13. Ng5 Qd7 14. Qe2 Nd4 15.
Qe3 Nxb3 16. cxb3 d4 17. Qe2 dxc3 18. bxc3 h6 19. Nxe6 fxe6 20. Qxe6+ Qxe6 21.
Rxe6 Nd5 22. Rxg6 Kh7 23. Rg3 Nxc3 24. Rxg7+ Kxg7 25. Bxc3+ Kg6 26. h3 Rbe8 27.
Bd2 Rd8 28. Be3 Rxd3 29. Bxc5 Rfd8 30. Kh2 Rc3 31. b4 Re8 32. a5 Rd3 33. g3 Re6
34. h4 h5 35. Rf1 Kf5 36. Kh3 Re2 37. Rb1 Rdd2 38. b5 axb5 39. Rxb5 Rd5 40.
Rxb7 Rxc5 41. Rh7 Kg6 42. Rb7 Rxa5 43. Rb6+ Kf5 44. Rh6 Ke4 45. Re6+ Re5 46.
Ra6 Rxf2 47. Ra4+ Kf5 48. g4+ hxg4+ 49. Rxg4 Rh2+ 50. Kg3 Re3+ 0-1

[Event "Youth Classic 2017 - Youth Open U14"]
[Site "Hasselgrundhalle - Bad Soden a"]
[Date "2017.10.01"]
[Round "3.5"]
[White "Haack, Kevin"]
[Black "Czinkota, Michael"]
[Result "1-0"]
[WhiteElo "1655"]
[BlackElo "1035"]
[PlyCount "51"]
[EventDate "2017.??.??"]
[WhiteTeam "SC Bad Soden"]
[BlackTeam "SC Bad Soden"]

1. c4 Nc6 2. d4 e5 3. d5 Nd4 4. e3 Nf5 5. Nf3 e4 6. Nfd2 Nf6 7. Nc3 Bb4 8. Qb3
c5 9. dxc6 Bxc3 10. cxd7+ Bxd7 11. Qxc3 Qe7 12. b4 Rc8 13. Ba3 b5 14. c5 Nd5
15. Qc2 Nd6 16. Qb3 Nf6 17. cxd6 Qxd6 18. Rd1 Qb6 19. Qb1 Bf5 20. Bb2 O-O 21.
Nb3 Bg4 22. Rd2 a5 23. Bd4 Qa6 24. Nxa5 Rfd8 25. a4 bxa4 26. Bxa6 1-0